| 000 | 00353nam a2200145Ia 4500 | ||
|---|---|---|---|
| 008 | 230917s9999||||xx |||||||||||||| ||und|| | ||
| 040 |
_e142099 _aMAIN |
||
| 041 | _aEnglish | ||
| 082 | _a199.54 S64B | ||
| 100 | _aSinha, Ramesh Chander | ||
| 245 | 0 | _aSamkaleen Bharatiya Chintak | |
| 260 |
_aDelhi _bJanaki _c1981 |
||
| 300 | _a131p. p. | ||
| 942 | _cBK | ||
| 999 |
_c224926 _d224926 |
||